Συστήματα επεξεργασίας υδάτινου έρματος : ανάλυση κόστους ωφελείας : διπλωματική εργασία

Αποθηκεύτηκε σε:
Λεπτομέρειες βιβλιογραφικής εγγραφής
Κύριος συγγραφέας: Αλιμπέρτης, Κωνσταντίνος
Συγγραφή απο Οργανισμό/Αρχή: Πανεπιστήμιο Αιγαίου Σχολή Επιστημών της Διοίκησης Τμήμα Ναυτιλίας και Επιχειρηματικών Υπηρεσιών Πρόγραμμα Μεταπτυχιακών Σπουδών "Ναυτιλία, Μεταφορές και Διεθνές Εμπόριο - ΝΑ.Μ.Ε."
Άλλοι συγγραφείς: Γλύκας, Αλέξανδρος (Εισηγητής διατριβής)
Μορφή: Thesis Βιβλίο
Γλώσσα:Greek
Δημοσίευση: 2013
Θέματα:
Διαθέσιμο Online:http://hdl.handle.net/11610/13166
Ετικέτες: Προσθήκη ετικέτας
Δεν υπάρχουν, Καταχωρήστε ετικέτα πρώτοι!

MARC

LEADER 00000cam a2200000 i 4500
001 1/52318
008 140801s2013 gre d
035 |l 10118478 
040 |a GR-MY-UA  |b gre  |e aacr 
041 0 |a gre 
082 0 |a 363.78  |2 (23) 
100 1 |a Αλιμπέρτης, Κωνσταντίνος. 
245 1 0 |a Συστήματα επεξεργασίας υδάτινου έρματος :  |b ανάλυση κόστους ωφελείας : διπλωματική εργασία /  |c Αλιμπέρτης Κωνσταντίνος ; επιβλέπων: Γλύκας Αλέξανδρος 
260 |c 2013 
300 |a 74 σ.;  |b πίν.;  |c 30 εκ. 
502 # # |a Διατριβή (μεταπτυχιακή) – Πανεπιστήμιο Αιγαίου, Χίος, 2013. 
504 |a Περιλαμβάνει βιβλιογραφία 
650 0 0 |a Ballast water. 
650 0 0 |a Ballast water  |x Management. 
650 0 0 |a Shipping  |x Safety measures. 
650 0 0 |a Dissertations, Academic  |z Greece. 
700 1 |a Γλύκας, Αλέξανδρος.  |4 ths 
710 1 |a Πανεπιστήμιο Αιγαίου  |b Σχολή Επιστημών της Διοίκησης  |b Τμήμα Ναυτιλίας και Επιχειρηματικών Υπηρεσιών  |b Πρόγραμμα Μεταπτυχιακών Σπουδών "Ναυτιλία, Μεταφορές και Διεθνές Εμπόριο - ΝΑ.Μ.Ε.". 
852 |a INST  |b CHIOS  |c DIATR  |e 20140801  |h 363.78 ΑΛΙ  |p 005200034544  |q 005200034544  |t MTXE  |y 23 
852 |a INST  |b CHIOS  |c DIATR  |e 20140801  |h 363.78 ΑΛΙ  |p 005200036288  |q 005200036288  |t MTXE  |y 23 
856 |u http://hdl.handle.net/11610/13166 
901 |a BIBL2-2014-2 
909 |a Χ  |b 180489 
909 |a Χ  |b 180789 
924 |a ΑΛΙΜΠΕΡΤΗΣ  |b ΚΩΝΣΤΑΝΤΙΝΟΣ  |y ΧΙΟΣ  |z 2013-11 
970 |a ΠΑΡΟΙΚΑΚΗ  |b ΒΑΣΙΛΙΚΗ  |z 2014/08/01